Electromagnetic theory / (Record no. 17112)

MARC details
000 -LEADER
fixed length control field 01152cam a22003017i 4500
001 - CONTROL NUMBER
control field 14843930
003 - CONTROL NUMBER IDENTIFIER
control field EG-ScBUE
005 - DATE AND TIME OF LATEST TRANSACTION
control field 20250526091119.0
008 - FIXED-LENGTH DATA ELEMENTS--GENERAL INFORMATION
fixed length control field 070509s2007 njua f b 001 0 eng d
020 ## - INTERNATIONAL STANDARD BOOK NUMBER
International Standard Book Number 0470131535
020 ## - INTERNATIONAL STANDARD BOOK NUMBER
International Standard Book Number 9780470131534
035 ## - SYSTEM CONTROL NUMBER
System control number (OCoLC)85440233
040 ## - CATALOGING SOURCE
Original cataloging agency EG-ScBUE
Language of cataloging eng
Description conventions rda
Transcribing agency EG-ScBUE
Modifying agency EG-ScBUE
082 04 - DEWEY DECIMAL CLASSIFICATION NUMBER
Classification number 530.141
Edition number 22
Item number STR
100 1# - MAIN ENTRY--PERSONAL NAME
Personal name Stratton, Julius Adams,
Dates associated with a name 1901-1994,
9 (RLIN) 31484
Relator term author.
245 10 - TITLE STATEMENT
Title Electromagnetic theory /
Statement of responsibility, etc by Julius Adams Stratton, professor of physics, Massachusetts Institute of Technology ; IEEE Antennas and Propagation Society, sponsor.
264 #1 - PUBLICATION, DISTRIBUTION, ETC. (IMPRINT)
Place of publication, distribution, etc Hoboken, New Jersey :
Name of publisher, distributor, etc Wiley-IEEE Press,
Date of publication, distribution, etc 2007.
300 ## - PHYSICAL DESCRIPTION
Extent xxiii, 615 pages :
Other physical details illustrations ;
Dimensions 25 cm.
336 ## - CONTENT TYPE
Source rdacontent
Content type term text
Content type code txt
337 ## - MEDIA TYPE
Media type term unmediated
Source rdamedia
Media type code n
338 ## - CARRIER TYPE
Carrier type term volume
Carrier type code nc
Source rdacarrier
490 0# - SERIES STATEMENT
Series statement IEEE Press series on electromagnetic wave theory
504 ## - BIBLIOGRAPHY, ETC. NOTE
Bibliography, etc Includes bibliographical references and index.
650 #7 - SUBJECT ADDED ENTRY--TOPICAL TERM
Topical term or geographic name as entry element Electromagnetic theory.
9 (RLIN) 31485
Source of heading or term BUEsh
655 ## - INDEX TERM--GENRE/FORM
Form subdivision Reading book
710 2# - ADDED ENTRY--CORPORATE NAME
Corporate name or jurisdiction name as entry element IEEE Antennas and Propagation Society,
9 (RLIN) 31455
Relator term sponsor.
942 ## - ADDED ENTRY ELEMENTS (KOHA)
Source of classification or shelving scheme Dewey Decimal Classification
Koha item type Book - Borrowing
Holdings
Withdrawn status Lost status Source of classification or shelving scheme Damaged status Not for loan Collection code Home library Current library Shelving location Date acquired Source of acquisition Cost, normal purchase price Serial Enumeration / chronology Total Checkouts Total Renewals Full call number Barcode Date last seen Date checked out Price effective from Koha item type
    Dewey Decimal Classification     Baccah Central Library Central Library First floor 26/11/2012   654.00 16429 1 20 530.141 STR 000027841 15/07/2025 05/03/2014 26/11/2012 Book - Borrowing
    Dewey Decimal Classification     Baccah Central Library Central Library First floor 02/11/2013           530.141 STR 000029600 15/07/2025   02/11/2013 Book - Borrowing